000 00685nam a2200265Ia 4500
003 OSt
005 20221006152641.0
006 a|||||r|||| 00| 0
007 ta
008 221006b |||||||| |||| 00| 0 chi d
020 _a9787800068959
024 _a29,196
037 _bGift, PRC
_cTextual
040 _aEASL
_cEASL
_bchi
041 _2chi
_achi
082 _aP41, N5
100 _aXIE Lai shi Ed.
_9661329
245 0 _aJianhua hanzi yixitan
260 _aBeijing
_bYu wen chubanshi China
_c1987
300 _a54p.
_ccm.
490 _v CL
650 _aCL
_9642733
942 _hP41, N5
_cTEXL
_2CC
999 _c1097282
_d1097282